000 00365nam a22001457a 4500
020 _qHB.
040 _cFIZZA ISHAQ
082 _a692.5
_bSTE
100 _aPETERSON,J.STEVEN.
_991055
245 _aESTIMATING IN BUILDING CONSTRUCTION /
_cSTEVEN J.PETERSON.
250 _a9th ED.
260 _aNEW YORK ;
_bPEARSON,
_c2019.
300 _a351 P. ;
942 _2ddc
_cBK
999 _c589241
_d589241